Places with Nordic Cross Flags - Statistics

General Stats
  • This quiz has been taken 13 times
  • The average score is 8 of 16
Answer Stats
Hint Answer % Correct
Country Denmark
100%
Country Finland
100%
Country Iceland
100%
Country Norway
100%
Country Sweden
100%
Denmark Faroes
91%
Finland Aland
55%
Sweden Scania
36%
UK Shetland
36%
UK Orkney
27%
UK Barra
9%
UK South Uist
9%
Estonia Parnu
0%
Estonia Setomaa
0%
Russia Vepsians
0%
UK Yorkshire West Riding
0%
No matching quizzes found
Score Distribution
Percent of People with Each Score
Percentile by Number Answered
Your Score History
You have not taken this quiz